00566nam a2200169Ia 4500003000900000008004100009020001800050040001600068080001500084100001800099245013500117260004000252300001500292490005400307650002300361650001200384IN-BaIIA211028s9999 xx 000 0 eng d a0-471-97633-4 cIIA Library a523.4bCLA aClark, Stuart 0aTowards the edge of the extrasolar planetsbthe search for new worldscStuart Issar  aChichesterbJohn Wiley & Sonsc1998 axix, 218p. aWiley-Praxis series in astronomy and astrophysics aExtrasolar planets aPlanets